Statystyki dla Wszyscy kanadyjscy skoczkowie narciarscy w historii

Kliknij tutaj aby rozwiązać quiz!

Ogólne statystyki

  • Ten quiz został rozwiązany 14 razy
  • Średni wynik to 9 z 37

Statystyki odpowiedzi

Odpowiedź% Poprawnych
Mackenzie Boyd-Clowes
100%
Matthew Soukup
83%
Matthew Rowley
67%
Stefan Read
67%
Dusty Korek
50%
Eric Mitchell
50%
Horst Bulau
50%
Steve Collins
50%
Graeme Gorham
33%
Gregory Baxter
33%
Herman Smith-Johannsen
33%
Joshua Maurer
33%
Ron Richards
33%
Trevor Morrice
33%
Dominik Bafia
17%
Gerard Gravelle
17%
Glynn Pedersen
17%
Jeremy Blackburn
17%
Kirk Allen
17%
Laurent Bernier
17%
Leslie Gagne
17%
Matthew Polz
17%
Michael Nell
17%
Nels Nelsen
17%
Noel Paul
17%
Norman Gagne
17%
Todd Gillman
17%
Andrew Osadetz
0%
David Brown
0%
Gregor Linsig
0%
Jeremy Baig
0%
John Lockyer
0%
Kaare Lien
0%
Nigel Lauchlan
0%
Rogan Reid
0%
Tauno Kayhko
0%
Yukon De Leeuw
0%

Rozkład punktacji

Percentyl według liczby udzielonych odpowiedzi

Procent ludzi z każdym wynikiem

Twoja historia wyników

Nie rozwiązałeś tego quizu